00341nam a2200133Ia 4500003000400000005001700004008004100021020001800062040002000080100002500100245005200125260002100177260000900198OSt20240124155620.0170524s9999 xx 000 0 und d a9789350063392 cIIMT UNIVERSITY aPUNDIR-S K/PUNDIR- R 0aMathematical Foundation For Business Admissions bMeerut : Pragati c2009